[Event "Bucharest Edyval Cup"]
[Site "Bucharest"]
[Date "2001.10.16"]
[Round "2"]
[White "Dinu, Dumitru Daniel"]
[Black "Stanca, Adrian"]
[Result "1-0"]
[WhiteElo "2307"]
[BlackElo "2161"]
[PlyCount "68"]
[EventDate "2001.10.15"]
[EventType "tourn"]
[EventRounds "13"]
[EventCountry "ROU"]
[SourceTitle "EXT 2010"]
[Source "ChessBase"]
[SourceDate "2010.11.25"]
[SourceVersion "1"]
[SourceVersionDate "2010.11.25"]
[SourceQuality "1"]

1. Nf3 d6 2. d4 Nd7 3. Bg5 Ngf6 4. Nbd2 e5 5. c3 h6 6. Bh4 g5 7. dxe5 dxe5 8. Bg3 Bd6 9. Qc2 Qe7 10. e4 Nf8 11. Bc4 Ng6 12. 0-0-0 c6 13. Nf1 b5 14. Bd3 Be6 15. Ne3 Nf4 16. Bxf4 gxf4 17. Nf5 Bxf5 18. exf5 Kf8 19. Be4 Kg7 20. g4 Rac8 21. Rhg1 Bc5 22. Rde1 Qc7 23. h4 Qb6 24. Rg2 h5 25. g5 Ng4 26. f6+ Kf8 27. Bf5 Re8 28. g6 fxg6 29. Bxg4 hxg4 30. Qxg6 Rg8 31. Qh6+ Kf7 32. Nxe5+ Rxe5 33. Rxe5 Bd6 34. Qh7+ Kxf6 1-0

[Event "IECC P email"]
[Site "IECC email"]
[Date "2000.06.18"]
[Round "?"]
[White "Stanca, Adrian"]
[Black "Meijer, Wilmar"]
[Result "1-0"]
[WhiteElo "1988"]
[BlackElo "1922"]
[PlyCount "45"]
[EventDate "2000.??.??"]
[EventType "tourn (corr)"]
[EventRounds "6"]
[SourceTitle "Corr 2008"]
[Source "ChessBase"]
[SourceDate "2008.06.24"]
[SourceVersion "1"]
[SourceVersionDate "2008.06.24"]
[SourceQuality "1"]

1. e4 e6 2. d3 d5 3. Nd2 Nf6 4. Ngf3 dxe4 5. dxe4 Nc6 6. Bc4 Bc5 7. 0-0 e5 8. Bb5 Qe7 9. Bxc6+ bxc6 10. b3 Ba6 11. c4 Rd8 12. Qc2 0-0 13. Bb2 Bd4 14. Bxd4 exd4 15. Ne1 c5 16. Nd3 Bb7 17. Rae1 Rfe8 18. Qc1 Nxe4 19. f3 f5 20. Nf2 Qg5 21. fxe4 fxe4 22. Nfxe4 Rxe4 23. Rxe4 1-0

[Event "IECC TH-T email"]
[Site "IECC email"]
[Date "2000.04.29"]
[Round "?"]
[White "Stanca, Adrian"]
[Black "Osinski, Jaroslaw"]
[Result "0-1"]
[WhiteElo "2018"]
[BlackElo "2033"]
[PlyCount "72"]
[EventDate "2000.??.??"]
[EventType "match (corr)"]
[EventRounds "2"]
[SourceTitle "Corr 2008"]
[Source "ChessBase"]
[SourceDate "2008.06.24"]
[SourceVersion "1"]
[SourceVersionDate "2008.06.24"]
[SourceQuality "1"]

1. e4 e6 2. d4 d5 3. exd5 exd5 4. Bd3 Nc6 5. c3 Bd6 6. Nf3 Bg4 7. h3 Bh5 8. 0-0 Nge7 9. Re1 Qd7 10. Bb5 0-0-0 11. Ne5 Bxd1 12. Nxd7 Bc2 13. Nc5 Rhe8 14. Na3 Bf5 15. Bg5 f6 16. Bd2 Bxc5 17. dxc5 Ng6 18. Rxe8 Rxe8 19. Bxc6 bxc6 20. Be3 Ne5 21. Rd1 a5 22. Kf1 Nd3 23. b3 Kb7 24. Rd2 h5 25. Nc2 Be4 26. Bd4 h4 27. Ne3 Nf4 28. f3 Bb1 29. Rb2 Bg6 30. Rd2 a4 31. b4 a3 32. Nc2 Bd3+ 33. Kf2 Bxc2 34. Rxc2 Nd3+ 35. Kg1 Re1+ 36. Kh2 Ka6 0-1

[Event "IECC CL2-1998.12"]
[Site "IECC email"]
[Date "1998.07.27"]
[Round "?"]
[White "Fielding, Gerald Kensell"]
[Black "Stanca, Adrian"]
[Result "1-0"]
[WhiteElo "2185"]
[BlackElo "2126"]
[PlyCount "59"]
[EventDate "1998.??.??"]
[EventType "tourn (corr)"]
[EventRounds "4"]
[SourceTitle "Corr 2008"]
[Source "ChessBase"]
[SourceDate "2008.06.24"]
[SourceVersion "1"]
[SourceVersionDate "2008.06.24"]
[SourceQuality "1"]

1. d4 d6 2. c4 Nf6 3. Nc3 e5 4. Nf3 e4 5. Ng5 Qe7 6. Qc2 Bf5 7. g4 Bg6 8. Bg2 Nc6 9. e3 0-0-0 10. Ngxe4 Re8 11. f3 Nxe4 12. fxe4 Qh4+ 13. Qf2 Qxg4 14. h4 Qf5 15. Bf3 Qa5 16. h5 Bxe4 17. Bxe4 Rxe4 18. Bd2 Re8 19. Qxf7 Be7 20. 0-0-0 Qg5 21. Rdg1 Nd8 22. Rxg5 Nxf7 23. Rxg7 Ng5 24. Nd5 Bd8 25. Nxc7 Bf6 26. Nxe8 Rxe8 27. Rg1 Bxg7 28. Rxg5 Bh6 29. Rg3 Rf8 30. Kc2 1-0

[Event "IECC CL2-1998.12"]
[Site "IECC email"]
[Date "1998.07.27"]
[Round "?"]
[White "Stanca, Adrian"]
[Black "Romano, Frank C"]
[Result "1/2-1/2"]
[WhiteElo "2127"]
[BlackElo "2091"]
[PlyCount "50"]
[EventDate "1998.??.??"]
[EventType "tourn (corr)"]
[EventRounds "4"]
[SourceTitle "Corr 2008"]
[Source "ChessBase"]
[SourceDate "2008.06.24"]
[SourceVersion "1"]
[SourceVersionDate "2008.06.24"]
[SourceQuality "1"]

1. e4 e6 2. d3 d5 3. Nd2 c5 4. Ngf3 Nc6 5. g3 Bd6 6. Bg2 Nge7 7. 0-0 0-0 8. Re1 Qc7 9. c3 Bd7 10. a3 f6 11. b4 cxb4 12. axb4 a5 13. bxa5 Rxa5 14. Bb2 Rfa8 15. Rxa5 Rxa5 16. exd5 Nxd5 17. Nc4 Ra8 18. Nxd6 Qxd6 19. Re4 e5 20. d4 exd4 21. Nxd4 Nde7 22. Qb3+ Kh8 23. c4 Nf5 24. Nxf5 Bxf5 25. Rf4 Qd7 1/2-1/2

[Event "IECG Q1.1998.0.00048"]
[Site "IECG email"]
[Date "1998.??.??"]
[Round "?"]
[White "Stanca, Adrian"]
[Black "Barks, James Leonard"]
[Result "1-0"]
[WhiteElo "2145"]
[BlackElo "1856"]
[PlyCount "25"]
[EventDate "1998.08.28"]
[EventType "tourn (corr)"]
[EventRounds "6"]
[SourceTitle "Corr 2008"]
[Source "ChessBase"]
[SourceDate "2008.06.24"]
[SourceVersion "1"]
[SourceVersionDate "2008.06.24"]
[SourceQuality "1"]

1. e4 c5 2. Nf3 d6 3. d3 Nc6 4. g3 g6 5. Bg2 Bg7 6. 0-0 e5 7. Nc3 Nge7 8. Nh4 h6 9. f4 exf4 10. gxf4 0-0 11. f5 Bd4+ 12. Kh1 g5 13. Qh5 1-0